00672nam a22002297a 4500003000500000005001700005008004100022010001100063011001100074035001100085040000900096082001600105100002100121245006500142260003500207300002000242650002200262650003900284650005000323650004600373650002300419CHAP20220329143723.0110408s1979 mx a r 00010 spa d a100898 a101870 a112558 cCHAP04a972.01bH531 aHidalgo, Mariana13aLa vida amorosa en el México antiguoc/por Mariana Hidalgo aMéxico, D.F. :bDiana,c1979 a118 p. :bilus.14aAztecasxCultura.14aAztecasxReligión y mitología.14aIndios de MéxicoxVida social y costumbres.14aMéxicoxHistoriaxEpoca prehispánica.14aSexualidad humana.